[Event "AZE-ch Women 2019"]
[Site "Baku"]
[Date "2019.02.05"]
[Round "2.7"]
[White "Hajiyeva, Laman"]
[Black "Heydarova, Aytaj"]
[Result "0-1"]
[WhiteElo "2040"]
[BlackElo "1747"]
[Annotator "NA RC"]
[PlyCount "61"]
[EventDate "2019.02.04"]
[EventType "swiss"]
[EventCountry "AZE"]
[SourceTitle "playchess.com"]
[Source "ChessBase"]
[SourceQuality "1"]
[TimeControl "40/5400+30:1800+30"]

{[%evp 13,61,0,18,6,10,2,0,12,0,0,32767,-11,-14,-28,32767,23,18,3,19,-16,-15,-15,-7,-25,0,9,5,0,32767,6,71,56,110,95,141,35,44,11,20,-246,32767,-318,-321,-1014,-1278,-1339,-1170,-1100,-1218,-29982]} 1. d4 {[%emt 0:00:00]} Nf6 {[%emt 0:00:00]} 2. c4 {[%emt 0:00:00]} e6 {[%emt 0:00:00]} 3. Nc3 {[%emt 0:00:00]} Bb4 {[%emt 0:00:00]} 4. e3 {[%emt 0:00:00]} O-O {[%emt 0:00:00]} ({Predecessor:} 4... c5 5. Bd3 Nc6 6. Nge2 cxd4 7. exd4 d5 8. cxd5 Nxd5 9. Bc2 O-O {½-½ (29) Tisdall,J (2470)-Bern,I (2360) Norway 1995}) 5. Bd3 {[%emt 0:00:00]} c5 {[%emt 0:00:00]} 6. Nge2 {[%emt 0:00:01]} d5 $146 {[%emt 0:00:22]} (6... cxd4 7. exd4 d5 {0-1 (23) Khismatullin,D (2658)-Riazantsev,A (2708) Khanty-Mansiysk 2013}) 7. cxd5 {[%emt 0:02:38]} cxd4 {[%emt 0:05:11]} 8. exd4 {[%emt 0:00:32]} Nxd5 {[%emt 0:01:05]} 9. O-O {[%emt 0:01:23]} Nc6 {[%emt 0:12:26]} 10. Bc2 {[%emt 0:09:14]} Re8 {[%emt 0:06:08]} 11. Qd3 {[%emt 0:01:50]} g6 {[%emt 0:00:24]} 12. a3 {[%emt 0:13:36] E48: Nimzo-Indian: Rubinstein: 5 Bd3 d5 including 6 Ne2, but excluding 6 a3} (12. Bh6 Be7 13. Qf3 Bf6 14. Rad1 Bh8 15. Rfe1 Bd7 16. Bb3 Nce7 17. Nxd5 Nxd5 18. Bxd5 exd5 19. h3 Qb6 20. Nf4 Bc6 21. Nh5 Ba4 22. b3 gxh5 23. Qg3+ {0-1 (23) Khismatullin,D (2658)-Riazantsev,A (2708) Khanty-Mansiysk 2013}) 12... Bf8 {[%emt 0:00:58]} 13. Be3 {[%emt 0:06:29]} e5 {[%emt 0:31:17]} ({Predecessor:} 13... Bg7 14. Rad1 Bd7 15. Ne4 Nce7 16. Nd6 Rf8 17. Nxb7 Qb6 18. Nc5 Bb5 19. Qd2 Bxe2 20. Qxe2 Qxb2 {½-½ (29) Tisdall,J (2470)-Bern,I (2360) Norway 1995}) 14. Nxd5 {[%emt 0:11:01]} Bf5 {[%emt 0:06:44]} 15. Qd2 {[%emt 0:07:48]} Bxc2 {[%emt 0:02:42]} 16. Qxc2 {[%emt 0:05:56]} Qxd5 {[%emt 0:00:08]} 17. Rfd1 {[%emt 0:03:09]} Bg7 {[%emt 0:04:17]} 18. Nc3 {[%emt 0:02:11]} Qa5 {[%emt 0:08:11]} 19. b4 {[%emt 0:08:11]} Qc7 {[%emt 0:00:52]} 20. Nd5 {[%emt 0:05:34]} Qb8 {[%emt 0:01:39]} 21. dxe5 {[%emt 0:03:53]} Bxe5 {[%emt 0:00:30]} (21... Qxe5 $11 {keeps the balance.} 22. Rac1 Rad8) 22. Rac1 {[%emt 0:01:05]} Bxh2+ {[%emt 0:09:24]} 23. Kh1 {[%emt 0:00:05]} Be5 {[%emt 0:00:04] [#]} 24. Bg5 {[%emt 0:01:11]} ({White must play} 24. f4 $1 $16 {[%cal Rf4e5]} Bg7 25. b5) 24... h6 {[%emt 0:05:03]} 25. Bxh6 {[%emt 0:03:37]} Qd8 {[%emt 0:00:54]} 26. g3 $2 {[%emt 0:03:18] [#]} (26. Qc4 $11) 26... Nd4 $1 {[%emt 0:01:36]} 27. Qc4 {[%emt 0:01:08]} Rc8 {[%emt 0:01:44]} 28. Qxc8 $2 {[%emt 0:00:26]} (28. Qa2 Qd7 29. Kg2) 28... Qxd5+ {[%emt 0:00:07]} (28... Qxc8 $2 {perishes.} 29. Rxc8 Rxc8 30. Ne7+ {[%mdl 64] Double Attack} Kh7 31. Nxc8 $18) 29. Kh2 {[%emt 0:02:13]} Rxc8 {[%emt 0:00:02]} 30. Rxc8+ {[%emt 0:00:04]} Kh7 {[%emt 0:00:04]} 31. Ra1 0-1

[Event "AZE-ch Women 2019"]
[Site "Baku"]
[Date "2019.02.05"]
[Round "2.8"]
[White "Hajiyeva, Altunay"]
[Black "Babazade, Zhala"]
[Result "1/2-1/2"]
[WhiteElo "1315"]
[BlackElo "1823"]
[Annotator "NA RC"]
[PlyCount "61"]
[EventDate "2019.02.04"]
[EventType "swiss"]
[EventCountry "AZE"]
[SourceTitle "playchess.com"]
[Source "ChessBase"]
[SourceQuality "1"]
[TimeControl "40/5400+30:1800+30"]

{[%evp 8,61,61,56,68,22,46,28,32,44,49,35,39,0,64,31,49,46,32767,45,54,50,32767,60,32767,59,68,34,32767,73,116,56,77,32,56,27,31,27,45,45,46,56,92,50,105,80,32767,85,109,32767,225,0,116,0,224,0]} 1. e4 {[%emt 0:00:00]} e5 {[%emt 0:00:00]} 2. Nf3 {[%emt 0:00:00]} Nc6 {[%emt 0:00:44]} 3. d4 {[%emt 0:00:00]} exd4 {[%emt 0:01:07]} 4. Nxd4 {[%emt 0:00:11]} Nxd4 {[%emt 0:00:38]} 5. Qxd4 {[%emt 0:00:07]} Qf6 {[%emt 0:00:37]} 6. Qd3 {[%emt 0:02:50] C45: Scotch Game} (6. e5 Qb6 7. Qf4 d5 8. Nc3 Be6 9. Bd3 O-O-O 10. O-O c5 11. b3 Ne7 12. Kh1 a6 13. Bb2 Qc7 14. Rae1 f5 {0-1 (60) Ortiz Suarez,I (2598)-Granda Zuniga,J (2659) Cochabamba 2013}) 6... Bc5 {[%emt 0:00:45]} 7. Qg3 {[%emt 0:21:26]} Ne7 $146 {[%emt 0:05:26]} ({Much weaker is} 7... Qd4 $6 8. Nc3 $16) ({Predecessor:} 7... d6 8. f3 Be3 9. Kd1 Bxc1 10. Kxc1 h6 11. Bb5+ c6 12. Bc4 Ne7 13. Nc3 Ng6 {0-1 (27) Martins,J-Nakamura,Y Goiania 2011}) 8. Nc3 {[%emt 0:04:41]} c6 {[%emt 0:01:35]} 9. Bd3 {[%emt 0:06:58]} Ng6 {[%emt 0:05:47]} 10. f4 {[%emt 0:06:58]} Qh4 {[%emt 0:08:34]} 11. Bd2 {[%emt 0:04:02]} Qxg3+ {[%emt 0:02:07]} 12. hxg3 {[%emt 0:00:04]} d6 {[%emt 0:02:16]} 13. Be2 {[%emt 0:14:06]} Bd7 {[%emt 0:04:52]} 14. O-O-O {[%emt 0:01:33]} b5 {[%emt 0:03:05]} 15. Bf3 {[%emt 0:13:32]} a5 {[%emt 0:03:57]} 16. Ne2 {[%emt 0:02:06]} b4 {[%emt 0:07:21]} 17. c3 {[%emt 0:01:42]} h6 {[%emt 0:07:29]} ({Better is} 17... O-O $14) 18. Nd4 {[%emt 0:02:01]} O-O {[%emt 0:10:14]} 19. Kc2 {[%emt 0:12:05]} a4 {[%emt 0:04:47]} 20. Be1 {[%emt 0:02:28]} ({Better is} 20. Nf5 $16) 20... Rfb8 {[%emt 0:05:05]} 21. Kc1 {[%emt 0:00:31]} b3 {[%emt 0:09:19]} 22. a3 {[%emt 0:00:11]} Ne7 {[%emt 0:00:44]} 23. g4 {[%emt 0:00:28]} f6 {[%emt 0:01:44]} 24. Bg3 {[%emt 0:00:43]} Rb6 {[%emt 0:03:03]} 25. f5 {[%emt 0:00:04]} Kf7 {[%emt 0:04:10]} 26. Bf4 {[%emt 0:00:20]} Nc8 $1 {[%emt 0:02:12] [#]} 27. Rhe1 {[%emt 0:00:10]} ({Only move:} 27. Bxh6 $1 $18 {[%mdl 512]} gxh6 28. Rxh6) 27... Na7 $1 {[%emt 0:01:43]} 28. Rh1 {[%emt 0:00:46]} ({White should play} 28. Ne2 $16) 28... Nc8 {[%emt 0:00:01]} 29. Rhe1 {[%emt 0:00:10]} Na7 {[%emt 0:00:12]} 30. Rh1 {[%emt 0:00:06]} Nc8 {[%emt 0:00:03] [#]} 31. Rhe1 $11 {[%emt 0:00:15]} 1/2-1/2

[Event "AZE-ch Women 2019"]
[Site "Baku"]
[Date "2019.02.05"]
[Round "2.9"]
[White "Babayeva, Samira"]
[Black "Jafarova, Aysel"]
[Result "1-0"]
[WhiteElo "1773"]
[BlackElo "1376"]
[Annotator "NA RC"]
[PlyCount "81"]
[EventDate "2019.02.04"]
[EventType "swiss"]
[EventCountry "AZE"]
[SourceTitle "playchess.com"]
[Source "ChessBase"]
[SourceQuality "1"]
[TimeControl "40/5400+30:1800+30"]

1. e4 {[%emt 0:00:00]} e6 {[%emt 0:00:00]} 2. d4 {[%emt 0:00:00]} d5 {[%emt 0:00:00]} 3. Nd2 {[%emt 0:00:02]} Nf6 {[%emt 0:00:00]} 4. Bd3 {[%emt 0:00:27]} Be7 {[%emt 0:03:01]} 5. c3 {[%emt 0:00:18]} c5 {[%emt 0:00:53]} 6. e5 {[%emt 0:02:11]} Nfd7 {[%emt 0:00:25]} 7. f4 {[%emt 0:01:04]} cxd4 {[%emt 0:02:58]} 8. cxd4 {[%emt 0:00:07]} Nc6 {[%emt 0:01:16]} 9. Ne2 {[%emt 0:03:26]} f6 {[%emt 0:03:55]} 10. O-O {[%emt 0:10:35]} Qb6 {[%emt 0:04:15]} 11. exf6 {[%emt 0:13:34]} Nxf6 {[%emt 0:01:05]} 12. Nf3 {[%emt 0:01:12]} O-O {[%emt 0:02:11]} 13. Ne5 {[%emt 0:02:22]} Nxd4 {[%emt 0:05:59]} 14. Nxd4 {[%emt 0:02:10]} Qxd4+ {[%emt 0:00:31]} 15. Kh1 {[%emt 0:00:01]} Ne4 {[%emt 0:11:07]} 16. Qe2 {[%emt 0:07:29]} Bd6 {[%emt 0:12:21]} 17. Be3 {[%emt 0:01:43]} Qb4 {[%emt 0:01:40]} 18. a3 {[%emt 0:00:04]} Qa5 {[%emt 0:03:13]} 19. b4 {[%emt 0:01:28]} Qd8 {[%emt 0:02:35]} 20. Bxe4 {[%emt 0:02:40]} dxe4 {[%emt 0:00:55]} 21. Rad1 {[%emt 0:00:46]} Qe7 {[%emt 0:03:16]} 22. Nc4 {[%emt 0:00:12]} Bxb4 {[%emt 0:07:55]} 23. axb4 {[%emt 0:00:24]} Qxb4 {[%emt 0:00:15]} 24. Rd4 {[%emt 0:01:51]} Qb5 {[%emt 0:06:39]} 25. Qf2 {[%emt 0:02:03]} b6 {[%emt 0:06:29]} 26. Nd6 {[%emt 0:01:36]} Qh5 {[%emt 0:01:41]} 27. Rxe4 {[%emt 0:02:19]} Bd7 {[%emt 0:03:24]} 28. Bd4 {[%emt 0:05:16]} Qd5 {[%emt 0:02:33]} 29. Be5 {[%emt 0:00:20]} Qd3 {[%emt 0:06:01]} 30. Rd4 {[%emt 0:01:43]} Qg6 {[%emt 0:01:28]} 31. Rc1 {[%emt 0:00:45]} Be8 {[%emt 0:02:05]} 32. h3 {[%emt 0:02:23]} h6 {[%emt 0:01:29]} 33. Rc7 {[%emt 0:00:33]} Bf7 {[%emt 0:00:11]} 34. Nxf7 {[%emt 0:00:34]} Rxf7 {[%emt 0:00:05]} 35. Rdd7 {[%emt 0:00:39]} Qb1+ {[%emt 0:02:32]} 36. Kh2 {[%emt 0:00:12]} Rxd7 {[%emt 0:00:29]} 37. Rxd7 {[%emt 0:00:17]} g6 {[%emt 0:01:40]} 38. Rg7+ {[%emt 0:00:11]} Kf8 {[%emt 0:00:05]} 39. Qh4 {[%emt 0:00:10]} g5 {[%emt 0:01:30]} 40. Qxh6 {[%emt 0:00:00]} gxf4 {[%emt 0:00:00]} 41. Qh8# {[%emt 0:00:42]} 1-0